The arts of Japan : (Record no. 23763)

000 -LEADER
fixed length control field 00697cam a2200229u 4500
001 - CONTROL NUMBER
control field 6994999
005 - DATE AND TIME OF LATEST TRANSACTION
control field 20170127095923.0
008 - FIXED-LENGTH DATA ELEMENTS--GENERAL INFORMATION
fixed length control field 810317s1957 ja 000 0 eng
010 ## - LIBRARY OF CONGRESS CONTROL NUMBER
LC control number 56013414
040 ## - CATALOGING SOURCE
Original cataloging agency DLC
Transcribing agency CarP
Modifying agency DLC
043 ## - GEOGRAPHIC AREA CODE
Geographic area code a-ja---
050 00 - LIBRARY OF CONGRESS CALL NUMBER
Classification number N 7350
Item number .M94
100 1# - MAIN ENTRY--PERSONAL NAME
Personal name Munsterberg, Hugo,
Dates associated with a name 1916-1995.
245 14 - TITLE STATEMENT
Title The arts of Japan :
Remainder of title an illustrated history.
250 ## - EDITION STATEMENT
Edition statement [1st ed.]
260 ## - PUBLICATION, DISTRIBUTION, ETC. (IMPRINT)
Place of publication, distribution, etc. Tokyo :
-- Rutland, Vt.,
Name of publisher, distributor, etc. C.E. Tuttle Co.
Date of publication, distribution, etc. [1957]
300 ## - PHYSICAL DESCRIPTION
Extent xvii, 201p. :
Other physical details ill. ;
Dimensions 27 cm
650 #0 - SUBJECT ADDED ENTRY--TOPICAL TERM
Topical term or geographic name as entry element Art
Geographic subdivision Japan.
906 ## - LOCAL DATA ELEMENT F, LDF (RLIN)
a 0
b cbc
c premunv
d u
e ncip
f 19
g y-gencatlg
942 ## - ADDED ENTRY ELEMENTS (KOHA)
Source of classification or shelving scheme
Koha item type Hard Covered Materials
Classification part N 7350 ,M94 1957
Holdings
Withdrawn status Lost status Source of classification or shelving scheme Damaged status Not for loan Home library Current library Shelving location Date acquired Source of acquisition Total Checkouts Full call number Barcode Date last seen Price effective from Koha item type
          MACHAKOS UNIVERSITY LIBRARY MACHAKOS UNIVERSITY LIBRARY Technical section 27/01/2017 Donation (B.F.A)   N 7350 ,M94 1957 31755 22/10/2018 27/01/2017 Hard Covered Materials
© Machakos University Library, Along The Highway, Machakos Wote Rd, Machakos, Kenya P.O. Box 136 - 90100 Machakos - Kenya

Tel: ( +254 ) 723 805829 OR Fax : 044-20353 OR Email: library@mksu.ac.ke